Indian in world politics : (Record no. 350)

MARC details
000 -LEADER
fixed length control field 00523cam a2200181ua 4500
008 - FIXED-LENGTH DATA ELEMENTS--GENERAL INFORMATION
fixed length control field 110331n ii |||gr||||Z||||||eng
040 ## - CATALOGING SOURCE
Transcribing agency MAIN
082 ## - DEWEY DECIMAL CLASSIFICATION NUMBER
Classification number 327.54
245 1# - TITLE STATEMENT
Title Indian in world politics :
Remainder of title Period of transition fall 1956 to spring 1960 /
Statement of responsibility, etc. by Karunakar Gupta
250 ## - EDITION STATEMENT
Edition statement 1st.
260 ## - PUBLICATION, DISTRIBUTION, ETC.
Place of publication, distribution, etc. Calcutta:
Name of publisher, distributor, etc. Scintific book agency,969.
300 ## - PHYSICAL DESCRIPTION
Extent xii, 324p:
Dimensions 25cm.
700 ## - ADDED ENTRY--PERSONAL NAME
Personal name Gupta, Karunakar.,
Relator term
942 ## - ADDED ENTRY ELEMENTS (KOHA)
Koha item type Books
653 ## - INDEX TERM--UNCONTROLLED
Uncontrolled term Political science
653 ## - INDEX TERM--UNCONTROLLED
Uncontrolled term India in world politics
Holdings
Withdrawn status Lost status Damaged status Not for loan Home library Current library Shelving location Date acquired Total Checkouts Full call number Barcode Date last seen Copy number Price effective from Koha item type
        Central Library, Naharkatiya College Central Library, Naharkatiya College   19/09/2020   327.54 | GUP 1582 19/09/2020 1 19/09/2020 Books

Naharkatiya College © 2020. All rights reserved.

Powered By